000 00967nam a2200253 a 4500
001 000041868
005 20201002035812.0
008 131014s2005 sp 001 0 spa d
020 _a8447208265
020 _a8400083083
020 _a8477982074
040 _aDO-SdBNP
_bspa
_cBNPHU
082 _axxxx
_bxxx
100 1 _aRueda Ramírez, Pedro J.
_968755
245 1 0 _aNegocio e intercambio cultural :
_bel comercio de libros con América en la Carrera de Indias (siglo XVII) /
_cPedro J. Rueda Ramírez.
260 _aSevilla, :
_bSecretariado de Publicaciones de la Universidad de Sevilla
_bConsejo Superior de Investigaciones Científicas,
_bDiputación de Sevilla,
_c2005.
300 _a524 p. ;
_c24 cm.
490 1 _aNuestra América
_v16
490 1 _aHistoria y geografía
_v99
500 _aIncluye índice Onomástico
500 _aIncluye notas al pie de página
830 0 _aNuestra América
_v16
_94552
830 0 _aHistoria y geografía
_v99
_968390
999 _c41357
_d41357